1066 1669 1575 1846 1062 1275 1883 1118 1768 1481 1932 1963 1548 1612 1378 1695 1784 1516 1229 1941 1197 1092 1591 1263 1681 1216 1361 1613 1427 1607 1132 1249 1665 1274 1126 1186 1430 1405 1491 1379 1411 1784 1775 1681 1621 1005 1589 1669 1020 1148 1157 1470 1614 1608 1543 1276 1583 1726 1455 1558 1695 1830 1820 1537 1442 1986 1020 1186 1330 1739 1782 1828 1074 1721 1961 1606 1843 1938 1935 1502 1160 1977 1943 1816 1958 1146 1570 1102 1527 1172 1102 1142 1214 1608 1555 1526 1597 1897 1665 BCNSPRNW ULIB Ver.6.0+V

เปลี่ยนเป็นภาษาไทย

Change to English
 แสดงรายละเอียดบรรณานุกรม
  กลับหน้าหลัก

Brief Record : Get Marc (ISO 2709) : E-mail record : QR code < ปิดหน้าต่าง
LEADER : 00000nam 2200000uu 4500
001    13399112806
003     ULIB
008    110627s2550||||th 000 0 tha d
020    9789742556723
090    นว.^bพ541พ ล.2 2550
100 0  พัดชา,นามแฝง
245 00 พรหมรัถยา เล่ม 2 /^cพัดชา,นามแฝง
250    พิมพ์ครั้งที่ 1
260    กรุงเทพฯ :^bบูรพาสาส์น,^c2550
300    428 หน้า
710 1  บูรพาสาส์น
945    ^p400^l0^i022011
995    ทศพร
999 ^a ใช้งานได้ทุกระบบ
รายการนี้ยังไม่มีแท็ก
คุณยังไม่ได้ล็อกอิน คุณสามารถมีกิจกรรมร่วมกับเว็บไซต์ได้ แต่ต้องล็อกอินก่อน ::
  ล็อกอิน

รายการสื่อสารสนเทศ

ลำดับที่ ประเภท เลขเรียก/บาร์โค้ด สถานที่ สถานะ
- ไม่พบข้อมูล -

รายการใกล้เคียง
    ผู้แต่ง [พัดชา,นามแฝง]

BibComment


ยังไม่เคยถูกคอมเมนท์

คอมเมนท์ทรัพยากรรายการนี้
  คอมเมนท์: พรหมรัถยา เล่ม 2 ..


 Copyright 2026. Bcnsprnw @Library